| 000 | 01870nam a2200469 c 4500 | ||
|---|---|---|---|
| 003 | BLK | ||
| 005 | 20230511030338.0 | ||
| 008 | 180413b bul|||||r ||||||| ||bul|| | ||
| 010 | _aKNG00027029000 | ||
| 020 |
_a954-625-154-2 _bиздат.: Фют |
||
| 040 | _aBLK | ||
| 041 |
_aBUL _cBUL |
||
| 080 |
_a _b611/613 _x _z611/613 |
||
| 080 |
_aАнатомия. Вж и 572 ; 591.4 ; 616.1/.9 ; 343.9 ; 743 _b611 _x _z611 |
||
| 080 |
_aФизиология _b612 _x _z612 |
||
| 080 |
_aХигиена. Лично здраве. Вж и 614 ; 616-083 _b613 _x _z613 |
||
| 100 | 1 |
_aМередит, Сюзън _eпърви автор _9364025 |
|
| 700 | 1 |
_aЛатева, Екатерина Иванова _9363572 |
|
| 700 | 1 |
_aСтойчева, Мария _eпрев. _9363571 |
|
| 139 |
_aТи и твоето тяло _bТ 54 |
||
| 245 | 1 | 0 |
_aТи и твоето тяло _cСюзън Мередит; прев. Екатерина Иванова Латева; прев. Мария Стойчева. |
| 257 | _aGBR | ||
| 260 |
_аСофия _bФют _c1999 _fСофия : Д. Благоев |
||
| 300 |
_a120 с. _bс цв. ил. _c18 см |
||
| 380 | _aDN | ||
| 490 | 1 | _aПърви стъпки в науката | |
| 500 | _aКор. опис. - Ориг. загл. You and your Body. - Офс. изд. - 5 000 тир. | ||
| 650 | 4 |
_aАнатомия - на човека _9254168 |
|
| 650 | 4 |
_aФизиология - на човека _9254167 |
|
| 650 | 4 |
_aХигиена _9176430 |
|
| 653 | _aчовешко тяло | ||
| 653 | _aанатомия | ||
| 653 | _aфизиология | ||
| 653 | _aхигиена | ||
| 653 | _aлитература за деца | ||
| 653 | _aдетска литература | ||
| 852 | _aЦб І 29738 | ||
| 856 | 4 |
_qpdf _u |
|
| 856 | 4 |
_qpdf _u |
|
| 942 |
_cKNG _n0 _07 |
||
| 944 |
_aCR _c15.01.2003 _lф / _kЛюдмила_Стоянова |
||
| 944 |
_aED _c22.08.2011 _lф / _k |
||
| 999 |
_c24515 _d24515 |
||